Erfolgreichste PlayStation 2-Spiele nach Hauptschurken - Statistiken

Allgemein
  • Dieses Quiz wurde 13 mal gespielt
  • Das Durchschnittsergebnis liegt bei 8 aus 16
Antwortstatistiken
Bildquiz Antwort % Korrekt
Grand Theft Auto: Vice City
92%
Final Fantasy XII
83%
Grand Theft Auto: San Andreas
75%
God of War
67%
God of War II
67%
Grand Theft Auto III
67%
Tekken 5
67%
Final Fantasy X
58%
Kingdom Hearts
50%
Kingdom Hearts II
42%
Metal Gear Solid 3: Snake Eater
42%
Dragon Quest VIII: Journey of the Cursed King
33%
Metal Gear Solid 2: Sons of Liberty
33%
Final Fantasy X-2
25%
Jak and Daxter: The Precursor Legacy
17%
Ratchet & Clank
17%
Keine übereinstimmenden Quizze gefunden
Verteilung der Resultate
Anzahl Personen mit jedem Resultat
Perzentil nach korrekt beantworteten Fragen
Ihre Resultats-Entwicklung
Sie haben dieses Quiz noch nicht gespielt